00814nam a22002297a 4500999001500000001000500015003000900020005001700029008004100046020001500087040003800102082001900140100002400159245012000183260004600303300004100349504002900390600001800419650001800437942001200455952011700467 c2482d24822901BD-DhUAP20200225124159.0200225s1996 ge a|||| b||| 00| 0 eng d a3764354321 aBD-DhUAPbEngcBD-DhUAPdBD-DhUAP 223a720.92 SBR aSbriglio, Jacques.  aImmeuble 24 N.C. et appartement Le Corbusier = Apartment block 24 N.C. and Le Corbusier's home /cJacques Sbriglio. aBoston :bFondation Le Corbusier,cc1996. a113 pages :billustrations ;c24 cm. aIncludes bibliographies. aLe Corbusier. aArchitecture. 2ddccBK 00102ddc4070aUAPCLbUAPCLcGeneral Stacksd2020-02-25o720.92 SBRp3010002901r2020-02-25t1w2020-02-25yBK